|
|
|
|
| LEADER |
00000nam0a2200000 4500 |
| 001 |
82821 |
| 005 |
20231031095858.0 |
| 035 |
|
|
|a (RuTPU)RU\TPU\book\89001
|
| 090 |
|
|
|a 82821
|
| 100 |
|
|
|a 20051006d1983 m y0rusy50 ca
|
| 101 |
0 |
|
|a rus
|
| 102 |
|
|
|a RU
|
| 105 |
|
|
|a a j 001zy
|
| 200 |
1 |
|
|a Стеклообразное состояние (электронно-микроскопический и ИК-спектроскопический методы исследования стеклообразных материалов)
|e учебное пособие
|f М. Л. Петровская, Г. П. Николина
|
| 210 |
|
|
|a Ленинград
|c Изд-во ЛТИ
|d 1983
|
| 215 |
|
|
|a 68 с.
|c ил.
|
| 320 |
|
|
|a Библиогр.: с. 64-65
|
| 610 |
1 |
|
|a стекло
|
| 610 |
1 |
|
|a микроскопия
|
| 610 |
1 |
|
|a оптика
|
| 610 |
1 |
|
|a микроскопы
|
| 610 |
1 |
|
|a электронно-микроскопическое изучение
|
| 610 |
1 |
|
|a спектроскопия
|
| 610 |
1 |
|
|a ИК-спектры
|
| 675 |
|
|
|a 666.1(075.8)
|v 3
|
| 700 |
|
1 |
|a Петровская
|b М. Л.
|g Марина Лазаревна
|
| 701 |
|
1 |
|a Николина
|b Г. П.
|g Галина Петровна
|
| 712 |
0 |
2 |
|a Ленинградский технологический институт им. Ленсовета
|2 stltpush
|3 (RuTPU)RU\TPU\col\1462
|
| 801 |
|
1 |
|a RU
|b 63413507
|c 20051006
|g PSBO
|
| 801 |
|
2 |
|a RU
|b 63413507
|c 20051114
|g PSBO
|
| 942 |
|
|
|c BK
|